000 00752nam a2200229Ia 4500
008 191130s1990##################000#0#eng##
020 _a9780898712605
022 _a90022017
040 _aACL
_cACL
082 _a512.9434 GAL
100 _aGallivan, Kyle A
245 _aParallel algorithms for matrix computations
_cK.A. Gallivan ... [et al.]
260 _aPhiladelphia, PA
_bSociety for Industrial and Applied Mathematics
_c1990
300 _aix, 197 p. : ill. ; 26 cm
500 _aIncludes bibliographical references
650 _aMatrices - Data processing
650 _aParallel algorithms
650 _aParallel processing (Electronic computers)
990 _a489b7173ac10000c4724fd095b74b38d
991 _a163760
999 _c31562
_d31562